000 00286nam a22001337a 4500
008 180301b xxu||||| |||| 00| 0 eng d
020 _a9780078687198
041 _aeng
080 _a336
100 _a55
101 _aFIN
245 _aPersonal finance
_cKapoor,J.R
942 _2udc
_cBK
999 _c43742
_d43742